|
|
|
|
| LEADER |
00000nam0a2200000 4500 |
| 001 |
307691 |
| 005 |
20231102002022.0 |
| 035 |
|
|
|a (RuTPU)RU\TPU\book\332996
|
| 090 |
|
|
|a 307691
|
| 100 |
|
|
|a 20151023d1981 k y0rusy50 ca
|
| 101 |
0 |
|
|a rus
|
| 102 |
|
|
|a RU
|
| 105 |
|
|
|a a dm 001zy
|
| 200 |
1 |
|
|a Радиационный метод измерения зазоров в сопряжениях кривошипно-шатунного механизма двигателей
|e автореферат диссертации на соискание ученой степени кандидата технических наук
|e спец. 05.02.11
|f Д. А. Бойко
|g Томский политехнический институт (ТПИ) ; науч. рук. Л. М. Ананьев
|
| 210 |
|
|
|a Томск
|d 1981
|
| 215 |
|
|
|a 22 с.
|c ил.
|
| 300 |
|
|
|a Защита сост. 21.04.1981 г.
|
| 320 |
|
|
|a Библиогр.: с. 17-19 (17 назв.)
|
| 606 |
1 |
|
|a Кривошипно-шатунные механизмы
|x Расчет
|2 stltpush
|3 (RuTPU)RU\TPU\subj\16249
|9 42384
|
| 610 |
1 |
|
|a диагностика
|
| 610 |
1 |
|
|a зазоры
|
| 610 |
1 |
|
|a измерение
|
| 610 |
1 |
|
|a радиографические методы
|
| 610 |
1 |
|
|a точные измерения
|
| 610 |
1 |
|
|a просвечивание
|
| 610 |
1 |
|
|a влияние
|
| 610 |
1 |
|
|a сопряженные КШМ-двигатели
|
| 610 |
1 |
|
|a регистрируемые сигналы
|
| 610 |
1 |
|
|a изменение
|
| 610 |
1 |
|
|a аналитическое описание
|
| 610 |
1 |
|
|a аппаратурная реализация
|
| 610 |
1 |
|
|a авторефераты диссертаций
|
| 610 |
1 |
|
|a труды учёных ТПУ
|
| 675 |
|
|
|a 621.837(04)
|v 4
|
| 686 |
|
|
|a 05.02.11
|2 oksvnk
|
| 700 |
|
1 |
|a Бойко
|b Д. А.
|g Дмитрий Андреевич
|
| 702 |
|
1 |
|a Ананьев
|b Л. М.
|c специалист в области электроники
|c доктор технических наук, профессор Томского политехнического университета
|f 1926-1998
|g Лев Мартемьянович
|2 stltpush
|3 (RuTPU)RU\TPU\pers\11866
|4 727
|
| 712 |
0 |
2 |
|a Томский политехнический институт (ТПИ)
|c (1944-1991)
|2 stltpush
|3 (RuTPU)RU\TPU\col\1123
|
| 801 |
|
1 |
|a RU
|b 63413507
|c 20151023
|
| 801 |
|
2 |
|a RU
|b 63413507
|c 20220215
|g RCR
|
| 942 |
|
|
|c BK
|